| 000 | 00766nam a2200205 a 4500 | ||
|---|---|---|---|
| 999 |
_c1097 _d1097 |
||
| 001 | 1097 | ||
| 003 | CDMR | ||
| 005 | 20211213121545.0 | ||
| 008 | 130130s1985||||||||||||||||||||||||||||d | ||
| 040 |
_aCDMR _bcat _cCDMR |
||
| 100 | 1 |
_aBethencourt Machado, Tomás _9866 |
|
| 245 | 1 | 3 |
_aEl teletexto y el videotexto _b: V Convención Internacional de Televisión y Educación _cTomás Bethencourt Machado |
| 260 |
_a[Barcelona] _c1985 _bInstituto Oficial de Radio y Televisión |
||
| 300 |
_a11 p. _c30 cm |
||
| 500 | _aConferència de Tomás Bethencourt Machado a Sonimag, celebrat a Barcelona durant el mes de setembre de 1985 | ||
| 650 | 0 | 4 |
_92084 _aComunicació audiovisual |
| 650 | 0 | 0 |
_94760 _aTeletext |
| 650 | 0 | 4 |
_93364 _aTecnologia de la informació |
| 942 |
_cPON _2udc |
||